Derecho administrativo

Na minha lista:
Detalhes bibliográficos
Autor principal: Boquera Oliver, José María (Author)
Formato: Livro
Idioma:espanhol
Publicado em: Madrid Instituto de Estudios de Administración Local 1986
Edição:8a. ed
Colecção:Tratado y Manuales
Assuntos:
Tags: Adicionar Tag
Sem tags, seja o primeiro a adicionar uma tag!

MARC

LEADER 00000nam a2200000 a 4500
001 UCV2467
003 CL-VaPUC
008 920730e19860000SP |||||||||||||||||spa|d
082 0 4 |a 342.06  |b BOQ  |2 21 
100 0 |a Boquera Oliver, José María  |e author  |9 296716 
245 1 0 |a Derecho administrativo 
250 |a 8a. ed 
300 |a v 
942 |c BK 
945 |d 19920730 00:00:00 
260 |a Madrid  |b Instituto de Estudios de Administración Local  |c 1986 
650 0 |a Derecho administrativo  |9 254851 
651 0 |a España  |9 254926 
583 |a last modification  |c 20170523 11:50:25  |k Rodrigo Vera 
490 0 |a Tratado y Manuales 
999 |c 210029  |d 210027 
952 |0 0  |1 0  |4 0  |6 342_060000000000000_BOQ_1986  |7 0  |8 A  |9 185976  |a BIBDER  |b BIBDER  |d 2019-11-14  |h v.1  |i 2534754  |l 1  |o 342.06 BOQ 1986  |p 2534754  |r 2023-01-25  |s 2022-08-18  |w 2019-11-14  |y BK  |k DER